000 01140 a2200205 4500
003 Nust
005 20170207154015.0
035 _a(SFX)1000000000014771
040 _cNust
082 _a005.82
100 _aKreger, Heather
245 1 0 _aJava and JMX: Building Manageable Systems-(EBOOK)
_h[Elektronisk resurs]
_cHeather Kreger
260 _c2002
_aUSA
_bAddison Wesley
300 _a592p
505 _aPart I. JMX Introduction (Page-10) Part II. JMX Details (Page-111) Part III. Application of JMX (Page-325)
650 _aJava and JMX
651 _aEBOOK
856 4 0 _uhttp://link.libris.kb.se/sfxjon?url_ver=Z39.88-2004&ctx_ver=Z39.88-2004&ctx_enc=info:ofi/enc:UTF-8&rfr_id=info:sid/sfxit.com:opac_856&url_ctx_fmt=info:ofi/fmt:kev:mtx:ctx&sfx.ignore_date_threshold=1&rft.object_id=1000000000014771&svc_val_fmt=info:ofi/fmt:kev:mtx:sch_svc&
856 4 0 _uhttp://link.libris.kb.se/sfxlibris-hgot?url_ver=Z39.88-2004&ctx_ver=Z39.88-2004&ctx_enc=info:ofi/enc:UTF-8&rfr_id=info:sid/sfxit.com:opac_856&url_ctx_fmt=info:ofi/fmt:kev:mtx:ctx&sfx.ignore_date_threshold=1&rft.object_id=1000000000014771&svc_val_fmt=info:ofi/fmt:kev:mtx:sch_svc&
942 _2ddc
_cBK
999 _c191400
_d191400